[Event "Bouhjar BICA Rapid op 02nd"]
[Site "Bouhjar"]
[Date "2022.11.20"]
[Round "4"]
[White "Rekik, Ismail"]
[Black "Akrout, Mansour"]
[Result "1-0"]
[WhiteElo "1930"]
[BlackElo "1621"]
[PlyCount "93"]
[EventDate "2022.11.20"]
[EventType "swiss (rapid)"]
[EventRounds "9"]
[EventCountry "TUN"]
[SourceTitle "CBM 211 Extra"]
[Source "ChessBase"]
[SourceDate "2023.01.31"]
[SourceVersion "1"]
[SourceVersionDate "2023.01.31"]
[SourceQuality "1"]

1. c4 Nf6 2. Nc3 e5 3. g3 Nc6 4. Bg2 a6 5. Nf3 Bc5 6. 0-0 d6 7. h3 Be6 8. d3 Nh5 9. e3 g6 10. d4 exd4 11. exd4 Bb6 12. d5 Nxg3 13. Re1 Ne5 14. Nxe5 dxe5 15. dxe6 Qf6 16. Qd7+ Kf8 17. Qxf7+ Qxf7 18. exf7 Kxf7 19. Bxb7 Raf8 20. Bd5+ Kg7 21. Be3 Bxe3 22. Rxe3 Nf5 23. Rxe5 Rf6 24. Rae1 Rb8 25. b3 c6 26. Bg2 Nh4 27. Re7+ Kh6 28. Ne4 Rf4 29. Ng3 Rbf8 30. R1e2 Rd4 31. R7e4 Rd1+ 32. Re1 Rxe1+ 33. Rxe1 Rd8 34. Bxc6 Rd2 35. a4 Rd3 36. Re3 Rd1+ 37. Nf1 Rb1 38. Rc3 Nf5 39. Be4 Nd4 40. Bxb1 Ne2+ 41. Kg2 Nxc3 42. Bd3 a5 43. Ne3 Kg5 44. Kg3 h5 45. f4+ Kh6 46. h4 Kg7 47. c5 1-0

[Event "Bouhjar BICA Rapid op 02nd"]
[Site "Bouhjar"]
[Date "2022.11.20"]
[Round "2"]
[White "Rekik, Ismail"]
[Black "Bousrih, Maher"]
[Result "1-0"]
[WhiteElo "1930"]
[BlackElo "1657"]
[PlyCount "80"]
[EventDate "2022.11.20"]
[EventType "swiss (rapid)"]
[EventRounds "9"]
[EventCountry "TUN"]
[SourceTitle "CBM 211 Extra"]
[Source "ChessBase"]
[SourceDate "2023.01.31"]
[SourceVersion "1"]
[SourceVersionDate "2023.01.31"]
[SourceQuality "1"]

1. c4 e5 2. Nc3 Nf6 3. g3 c6 4. Nf3 e4 5. Nd4 d5 6. cxd5 cxd5 7. Bg2 Nc6 8. Nxc6 bxc6 9. 0-0 Bd6 10. d3 exd3 11. Qxd3 0-0 12. e4 Be5 13. exd5 Bxc3 14. Qxc3 cxd5 15. Rd1 Be6 16. Bg5 Rb8 17. Bxf6 Qxf6 18. Qxf6 gxf6 19. b3 Rfd8 20. Rd4 Rb5 21. Rc1 Rd7 22. Bf1 Rb6 23. b4 f5 24. b5 Kg7 25. a4 Kf6 26. f4 Rbb7 27. Rc6 Ke7 28. Kf2 Rbc7 29. Ra6 Rc2+ 30. Be2 Rdc7 31. Ke3 R7c3+ 32. Bd3 Kf6 33. Rxd5 Rxh2 34. Rxf5+ Kg6 35. Rc5+ Rxd3+ 36. Kxd3 Rf2 37. f5+ Rxf5 38. Rxf5 Kxf5 39. Ke3 Ke5 40. Rxa7 f5 1-0

[Event "Sousse BICA op 1st"]
[Site "Sousse"]
[Date "2021.12.28"]
[Round "7"]
[White "Ben Abbes, Ayoub"]
[Black "Rekik, Ismail"]
[Result "1/2-1/2"]
[WhiteElo "1580"]
[BlackElo "1920"]
[PlyCount "114"]
[EventDate "2021.12.24"]
[EventType "swiss"]
[EventRounds "9"]
[EventCountry "TUN"]
[SourceTitle "CBM 205 Extra"]
[Source "ChessBase"]
[SourceDate "2022.01.31"]
[SourceVersion "1"]
[SourceVersionDate "2022.01.31"]
[SourceQuality "1"]

1. e4 Nf6 2. Nc3 d6 3. d4 g6 4. f3 Bg7 5. Bd3 c5 6. dxc5 dxc5 7. Bb5+ Nfd7 8. Nge2 0-0 9. a4 Nc6 10. Bxc6 bxc6 11. 0-0 Ba6 12. Re1 Rb8 13. Rb1 Qc8 14. Bd2 Rd8 15. Qc1 Ne5 16. Bh6 Bh8 17. Ng3 Qe6 18. Be3 Qc4 19. Nge2 h5 20. Bd2 h4 21. b3 Qe6 22. Nf4 Qd6 23. Rd1 Qd4+ 24. Kh1 Qf2 25. Nh3 Qd4 26. Be1 Qb4 27. Nb5 cxb5 28. Bxb4 cxb4 29. axb5 Bxb5 30. Rxd8+ Rxd8 31. Qe1 Nc6 32. Qxh4 a6 33. Ng5 Bg7 34. Qh7+ Kf8 35. h4 Ne5 36. h5 gxh5 37. Qxh5 Rd6 38. Nh3 Rd2 39. f4 Be2 40. Qh4 Ng6 41. Qe1 Bc3 42. Rc1 Bb5 43. Qe3 Re2 44. Qf3 e6 45. Ng1 Rd2 46. Qe3 e5 47. f5 Nf4 48. g3 Ne2 49. Nxe2 Bxe2 50. Re1 Bb5 51. Qg5 Ke8 52. f6 Kd7 53. Qxd2+ Bxd2 54. Rd1 Ke6 55. Rxd2 Bc6 56. Re2 Kxf6 57. Kg2 Kg5 1/2-1/2

[Event "Sousse BICA op 1st"]
[Site "Sousse"]
[Date "2021.12.25"]
[Round "3"]
[White "Abdallah, Mohamed Khalil"]
[Black "Rekik, Ismail"]
[Result "0-1"]
[WhiteElo "1283"]
[BlackElo "1920"]
[PlyCount "96"]
[EventDate "2021.12.24"]
[EventType "swiss"]
[EventRounds "9"]
[EventCountry "TUN"]
[SourceTitle "CBM 205 Extra"]
[Source "ChessBase"]
[SourceDate "2022.01.31"]
[SourceVersion "1"]
[SourceVersionDate "2022.01.31"]
[SourceQuality "1"]

1. d4 Nf6 2. c4 g6 3. f3 Bg7 4. e4 d6 5. Nc3 0-0 6. Be3 Nc6 7. Nge2 e5 8. d5 Ne7 9. Qd2 Nd7 10. g4 a5 11. h4 f6 12. h5 Rf7 13. hxg6 hxg6 14. Ng3 b6 15. Qh2 Nf8 16. Be2 g5 17. Nf5 Neg6 18. 0-0-0 Bd7 19. Qg2 Qe8 20. Rh3 Nf4 21. Bxf4 exf4 22. Nb5 Qe5 23. Nbd4 a4 24. Bd3 a3 25. b3 Bxf5 26. Nxf5 Qa1+ 27. Bb1 Nd7 28. Qd2 Nc5 29. Qd4 Qxd4 30. Nxd4 f5 31. gxf5 Bxd4 32. Rxd4 Rh7 33. Rxh7 Kxh7 34. Bc2 Kg7 35. Rd2 Rh8 36. Rg2 Kf6 37. Kd2 Rh1 38. b4 Nd7 39. Rf2 Ra1 40. Bb3 Ne5 41. Kc3 Re1 42. Kd2 Re3 43. b5 Nxf3+ 44. Kd1 g4 45. Rf1 g3 46. Kc2 g2 47. Rd1 Ne1+ 48. Kd2 g1Q 0-1

[Event "Sousse BICA op 1st"]
[Site "Sousse"]
[Date "2021.12.25"]
[Round "2"]
[White "Rekik, Ismail"]
[Black "Fataliyeva, Ulviyya Hasil Qizi"]
[Result "0-1"]
[WhiteElo "1920"]
[BlackElo "2324"]
[PlyCount "120"]
[EventDate "2021.12.24"]
[EventType "swiss"]
[EventRounds "9"]
[EventCountry "TUN"]
[SourceTitle "CBM 205 Extra"]
[Source "ChessBase"]
[SourceDate "2022.01.31"]
[SourceVersion "1"]
[SourceVersionDate "2022.01.31"]
[SourceQuality "1"]

1. c4 e6 2. Nf3 d5 3. e3 Nf6 4. Nc3 Nbd7 5. d4 a6 6. cxd5 exd5 7. Bd3 Bd6 8. 0-0 0-0 9. Re1 c5 10. e4 cxd4 11. Nxd5 h6 12. Bf4 Nc5 13. Bxd6 Qxd6 14. Nxf6+ Qxf6 15. e5 Qb6 16. Rb1 Rd8 17. b4 Nxd3 18. Qxd3 Be6 19. a3 Qb5 20. Rbd1 Bc4 21. Qe4 d3 22. Re3 Rac8 23. h3 Qa4 24. Rd2 Qxa3 25. e6 fxe6 26. Kh2 Qc3 27. Qxb7 Bb5 28. Ne5 Qc7 29. Qe4 Rd5 30. f4 Qa7 31. Rg3 Rc1 32. Nf3 Qf7 33. Rg6 Rc4 34. Qxe6 Qxe6 35. Rxe6 Rxf4 36. Kg3 Rxb4 37. Re7 Rc4 38. Kf2 Rc2 39. Ke3 Rxd2 40. Kxd2 a5 41. Ra7 Bd7 42. g4 a4 43. Ne5 Rxe5 44. Rxd7 Ra5 45. Kc1 a3 46. Kb1 a2+ 47. Ka1 Ra3 48. h4 Kf8 49. g5 hxg5 50. hxg5 Ke8 51. Rd5 Ke7 52. g6 Kf6 53. Rd6+ Kf5 54. Rb6 Ra5 55. Rd6 Ke4 56. Rd7 Rd5 57. Re7+ Kd4 58. Re1 d2 59. Rd1 Kd3 60. Kb2 Ke2 0-1